[Event "POL-chT 2nd League"]
[Site "Lublin"]
[Date "2006.09.05"]
[Round "4.71"]
[White "Guzik, Jolanta"]
[Black "Dadak, Wladyslaw"]
[Result "1/2-1/2"]
[WhiteElo "2103"]
[BlackElo "1872"]
[PlyCount "51"]
[EventDate "2006.09.02"]
[EventType "team-swiss"]
[EventRounds "9"]
[EventCountry "POL"]
[SourceTitle "EXT 2019"]
[Source "ChessBase"]
[SourceDate "2018.10.10"]
[SourceVersion "1"]
[SourceVersionDate "2018.10.10"]
[SourceQuality "1"]
[WhiteTeam "Jaworzno JKSz MCKiS II"]
[BlackTeam "Krakow KKSz"]
[WhiteTeamCountry "POL"]
[BlackTeamCountry "POL"]

1. c4 Nf6 2. Nc3 b6 3. Nf3 Bb7 4. e3 e6 5. d4 d5 6. cxd5 Nxd5 7. Bb5+ c6 8. Bd3 Nxc3 9. bxc3 Be7 10. 0-0 Nd7 11. Qc2 g6 12. a4 0-0 13. Nd2 c5 14. Be4 Bxe4 15. Nxe4 cxd4 16. cxd4 Rc8 17. Qa2 Nf6 18. Nxf6+ Bxf6 19. Ba3 Be7 20. Rac1 Qd7 21. Bxe7 Qxe7 22. Qb3 Qd7 23. h3 Rc6 24. Qb5 Rfc8 25. Rxc6 Qxc6 26. Rb1 1/2-1/2

[Event "POL-chT 2nd League"]
[Site "Lublin"]
[Date "2006.09.04"]
[Round "3.83"]
[White "Dadak, Wladyslaw"]
[Black "Olszewski, Marek"]
[Result "1/2-1/2"]
[WhiteElo "1872"]
[BlackElo "2152"]
[PlyCount "81"]
[EventDate "2006.09.02"]
[EventType "team-swiss"]
[EventRounds "9"]
[EventCountry "POL"]
[SourceTitle "EXT 2019"]
[Source "ChessBase"]
[SourceDate "2018.10.10"]
[SourceVersion "1"]
[SourceVersionDate "2018.10.10"]
[SourceQuality "1"]
[WhiteTeam "Krakow KKSz"]
[BlackTeam "Bydgoszcz Chemik"]
[WhiteTeamCountry "POL"]
[BlackTeamCountry "POL"]

1. d4 Nf6 2. c4 d6 3. Nc3 e5 4. dxe5 dxe5 5. Qxd8+ Kxd8 6. Bg5 c6 7. Nf3 Nbd7 8. 0-0-0 Kc7 9. h3 Bb4 10. Bd2 a5 11. Ng5 Rf8 12. e3 h6 13. Nge4 Ne8 14. g4 g6 15. Be2 f5 16. gxf5 gxf5 17. Ng3 Nb6 18. f4 e4 19. Kc2 Be6 20. b3 Nf6 21. Rhg1 Rg8 22. Nh5 Nxh5 23. Bxh5 Nd7 24. Ne2 Nf6 25. Nd4 Bd7 26. Bf7 Rxg1 27. Rxg1 Bxd2 28. Kxd2 c5 29. Ne2 Rf8 30. Rg7 Kd8 31. Nc3 Rh8 32. Nd5 Rh7 33. Rxh7 Nxh7 34. Ke2 Nf8 35. Kf2 Be6 36. Bxe6 Nxe6 37. Kg3 Ke8 38. Kh4 Ng7 39. a3 Kf7 40. Nb6 Ke6 41. Nd5 1/2-1/2

[Event "POL-chT 2nd League"]
[Site "Polanica Zdroj"]
[Date "2004.09.12"]
[Round "11.83"]
[White "Dadak, Wladyslaw"]
[Black "Halas, Przemyslaw"]
[Result "0-1"]
[WhiteElo "1800"]
[BlackElo "2115"]
[PlyCount "72"]
[EventDate "2004.09.04"]
[EventType "team-swiss"]
[EventRounds "11"]
[EventCountry "POL"]
[SourceTitle "EXT 2019"]
[Source "ChessBase"]
[SourceDate "2018.10.10"]
[SourceVersion "1"]
[SourceVersionDate "2018.10.10"]
[SourceQuality "1"]
[WhiteTeam "Krakow KKSz"]
[BlackTeam "Swiecie Gambit"]
[WhiteTeamCountry "POL"]
[BlackTeamCountry "POL"]

1. d4 Nf6 2. Nf3 e6 3. Bg5 b6 4. Nbd2 Be7 5. e4 h6 6. Bh4 d5 7. Bd3 Bb7 8. exd5 Nxd5 9. Bxe7 Qxe7 10. 0-0 Nd7 11. Re1 Nf4 12. Be4 c6 13. g3 Nh3+ 14. Kg2 Ng5 15. Nxg5 hxg5 16. Kg1 Nf6 17. Bg2 0-0-0 18. c3 c5 19. Ne4 Nxe4 20. Bxe4 Rh6 21. f3 Kb8 22. Re2 Ba6 23. Bd3 Bb7 24. Be4 cxd4 25. cxd4 f5 26. Bxb7 Qxb7 27. Qd3 Qd5 28. Rd2 f4 29. Kg2 Rdh8 30. Rh1 fxg3 31. h3 g4 32. Kxg3 gxf3 33. Rdh2 Rh4 34. Re1 Qd6+ 35. Re5 Rxd4 36. Qe3 Rd5 0-1

[Event "POL-chT 2nd League"]
[Site "Polanica Zdroj"]
[Date "2004.09.08"]
[Round "6"]
[White "Dadak, Wladyslaw"]
[Black "Wozniak, Marcin"]
[Result "0-1"]
[WhiteElo "1800"]
[BlackElo "1800"]
[PlyCount "46"]
[EventDate "2004.09.04"]
[EventType "team-swiss"]
[EventRounds "11"]
[EventCountry "POL"]
[SourceTitle "CBM 102 Extra"]
[Source "ChessBase"]
[SourceDate "2004.11.03"]
[SourceVersion "1"]
[SourceVersionDate "2004.11.03"]
[SourceQuality "1"]
[WhiteTeam "Krakow KKSz"]
[BlackTeam "Rzeszow Zelmer II"]
[WhiteTeamCountry "POL"]
[BlackTeamCountry "POL"]

1. d4 d5 2. c4 c6 3. Nf3 Nf6 4. e3 e6 5. Nc3 Nbd7 6. Bd2 Bd6 7. Bd3 0-0 8. 0-0 Re8 9. c5 Bb8 10. b4 e5 11. dxe5 Nxe5 12. Nxe5 Bxe5 13. h3 Ne4 14. Rc1 Qh4 15. f4 Bxc3 16. Bxc3 Bxh3 17. gxh3 Qg3+ 18. Kh1 Qxh3+ 19. Kg1 Qxe3+ 20. Kg2 Qg3+ 21. Kh1 Re6 22. Qh5 Rh6 23. Qxh6 gxh6 0-1

[Event "POL-chT 2nd League"]
[Site "Polanica Zdroj"]
[Date "2004.09.06"]
[Round "3"]
[White "Kosturkiewicz, Jacek"]
[Black "Dadak, Wladyslaw"]
[Result "0-1"]
[WhiteElo "2163"]
[BlackElo "1800"]
[PlyCount "60"]
[EventDate "2004.09.04"]
[EventType "team-swiss"]
[EventRounds "11"]
[EventCountry "POL"]
[SourceTitle "CBM 102 Extra"]
[Source "ChessBase"]
[SourceDate "2004.11.03"]
[SourceVersion "1"]
[SourceVersionDate "2004.11.03"]
[SourceQuality "1"]
[WhiteTeam "Krakow Korona"]
[BlackTeam "Krakow KKSz"]
[WhiteTeamCountry "POL"]
[BlackTeamCountry "POL"]

1. e4 e6 2. d4 d5 3. Nc3 Bb4 4. e5 c5 5. a3 cxd4 6. axb4 dxc3 7. bxc3 Qc7 8. Qd4 Nc6 9. Bb5 Nge7 10. Nf3 0-0 11. Qc5 Bd7 12. 0-0 Rfc8 13. Bd3 Ng6 14. Bxg6 fxg6 15. Re1 a6 16. Bf4 Na7 17. Qe7 h6 18. Nd4 Qd8 19. Qxd8+ Rxd8 20. Red1 Rac8 21. Rd3 Rc4 22. Be3 Nb5 23. Nxb5 Bxb5 24. Bd4 Rdc8 25. Ra3 g5 26. h3 Be8 27. Ra5 Bg6 28. Rd2 Bxc2 29. Ra2 Bg6 30. Kf1 Be8 0-1

[Event "POL-chT 2nd League"]
[Site "Polanica Zdroj"]
[Date "2004.09.05"]
[Round "2"]
[White "Dadak, Wladyslaw"]
[Black "Butkiewicz, Lukasz"]
[Result "0-1"]
[WhiteElo "1800"]
[BlackElo "2163"]
[PlyCount "62"]
[EventDate "2004.09.04"]
[EventType "team-swiss"]
[EventRounds "11"]
[EventCountry "POL"]
[SourceTitle "CBM 102 Extra"]
[Source "ChessBase"]
[SourceDate "2004.11.03"]
[SourceVersion "1"]
[SourceVersionDate "2004.11.03"]
[SourceQuality "1"]
[WhiteTeam "Krakow KKSz"]
[BlackTeam "Wroclaw Srodmiescie"]
[WhiteTeamCountry "POL"]
[BlackTeamCountry "POL"]

1. d4 Nf6 2. c4 g6 3. Nc3 Bg7 4. e4 d6 5. Be2 0-0 6. Nf3 e5 7. dxe5 dxe5 8. Bg5 Qxd1+ 9. Rxd1 Nbd7 10. 0-0 c6 11. b4 Re8 12. Rd6 h6 13. Bxf6 Bxf6 14. c5 Be7 15. Rdd1 a5 16. a3 axb4 17. axb4 Ra3 18. Rc1 Rb3 19. b5 Rb4 20. Rc2 Bxc5 21. Rb1 Re6 22. Rxb4 Bxb4 23. Nd5 Bc5 24. Nc3 Bd4 25. Nd5 Kg7 26. Nc7 Re7 27. bxc6 bxc6 28. Rxc6 Bb7 29. Nd5 Bxc6 30. Nxe7 Bxe4 31. Nxd4 exd4 0-1